Ricostruisci la Carriera del Calciatore - Yaya Touré - Statistics

Statistiche generali
  • Questo quiz è stato fatto 4 volte
  • Il punteggio medio è 3 su 8
Statistiche sulle risposte
Hint Risposta % Corretto
2010-2018 Manchester City
100%
2007-2010 Barcellona
50%
2001-2004 Beveren
50%
2004-2005 Metalurh Donec'k
50%
2006-2007 Monaco
0%
2005-2006 Olympiakos
0%
2018 Olympiakos
0%
2019-2020 Qingdao Huanghai
0%
Nessun quiz corrispondente trovato
Distribuzione punteggi
Percentuale di utenti per punteggio
Percentile per numero di risposta
I tuoi punteggi nel tempo
Non hai fatto questo quiz